Geography of british ruled India: (Record no. 162151)

MARC details
000 -LEADER
fixed length control field 00614nam a2200181 4500
005 - DATE AND TIME OF LATEST TRANSACTION
control field 20190306123636.0
010 ## - LCCN (DPL NO)
LC control number ENG-124844
020 ## - INTERNATIONAL STANDARD BOOK NUMBER
International Standard Book Number 978819319110
Terms of availability 1650.00
035 ## - SYSTEM CONTROL NUMBER
System control number EN-108376
037 ## - SOURCE OF ACQUISITION
Source of stock number/acquisition DBAD/PUB
082 ## - DEWEY DECIMAL CLASSIFICATION NUMBER
Classification number 911
100 ## - MAIN ENTRY--PERSONAL NAME
Personal name Thakur,Vijay
245 ## - TITLE STATEMENT
Title Geography of british ruled India:
Statement of responsibility, etc by VijayThakur[and]Jagdish Chand
Remainder of title with historical events of taking over domains of rajas/
260 ## - PUBLICATION, DISTRIBUTION, ETC. (IMPRINT)
Place of publication, distribution, etc New Delhi
Name of publisher, distributor, etc ACADEMIC AND AGROVET BOOKS
Date of publication, distribution, etc 2019
270 ## - ADDRESS
Address 4760-61,23 Ansari Road,Daryaganj,
City New Delhi
Postal code 110002
300 ## - PHYSICAL DESCRIPTION
Extent 220p.
Dimensions 24cm(Hb)
Other physical details ill.
942 ## - ADDED ENTRY ELEMENTS (KOHA)
Source of classification or shelving scheme Dewey Decimal Classification
Item type English Books
Classification part 911
Call number suffix THA
Holdings
Withdrawn status Lost status Not for loan Collection code Home library Current library Date acquired Source of acquisition Cost, normal purchase price Full call number Barcode Copy number Cost, replacement price Koha item type
      Non-fiction Patel Nagar Patel Nagar 06/03/2019 DBAD/PUB 1650.00 911 THA EN-108376 1 1650.00 English Books

© Delhi Public Library
Hit Counter
free hit counter